Biofuel Policies and the Impact of Developing Countries’ Policy Responses to the 2007–2008 Food Price Boom
Analýza potravinovej bezpečnosti. Ako postupy vo vývoji a aplikácii biopalív ovplyvňujú ceny potravinových komodít.
Salvato in:
| Autore principale: | |
|---|---|
| Altri autori: | |
| Natura: | Capitolo di libro |
| Lingua: | inglese |
| Soggetti: | |
| Tags: |
Nessun Tag, puoi essere il primo ad aggiungerne!!
|
MARC
| LEADER | 00000nla a2200000 4500 | ||
|---|---|---|---|
| 001 | 0242328 | ||
| 005 | 20230511110517.1 | ||
| 041 | 0 | |a eng | |
| 044 | |a NL | ||
| 245 | 1 | 0 | |a Biofuel Policies and the Impact of Developing Countries’ Policy Responses to the 2007–2008 Food Price Boom |c Harry de Gorter, Dušan Drábik |
| 520 | |a Analýza potravinovej bezpečnosti. Ako postupy vo vývoji a aplikácii biopalív ovplyvňujú ceny potravinových komodít. | ||
| 610 | 2 | 0 | |a biopalivá |
| 610 | 2 | 0 | |a potraviny |
| 610 | 2 | 0 | |a zvyšovanie cien |
| 610 | 2 | 0 | |a krajiny rozvojové |
| 100 | 1 | |a de Gorter, Harry | |
| 700 | 1 | |a Drábik, Dušan | |